000 00507nam a22001457a 4500
003 MACL
005 20190707160826.0
008 190707b xxu||||| |||| 00| 0 eng d
040 _cMACL
100 _aगुप्‍ता,वंदना
_975862
245 _aसुधा ओम ढींगरा रचनात्‍मकता की दिशाऍं
260 _aदिल्‍ली
_bशिवना प्रकाशन
_c2016
650 _aसाहित्‍य
_975864
942 _2ddc
_cHIN
999 _c60485
_d60485